[Event "SVK-chT2A 1617"]
[Site "Slovakia"]
[Date "2017.02.11"]
[Round "8.7"]
[White "Hagara, Vladimir"]
[Black "Kalmar, Tamas"]
[Result "1/2-1/2"]
[WhiteElo "1872"]
[BlackElo "2056"]
[PlyCount "48"]
[EventDate "2016.10.08"]
[EventType "team-tourn"]
[EventRounds "11"]
[EventCountry "SVK"]
[SourceTitle "EXT 2018"]
[Source "ChessBase"]
[SourceDate "2017.10.13"]
[SourceVersion "1"]
[SourceVersionDate "2017.10.13"]
[SourceQuality "1"]
[WhiteTeam "Trnava Lokomotiva II"]
[BlackTeam "Potonska Veza"]
[WhiteTeamCountry "SVK"]
[BlackTeamCountry "SVK"]

1. d4 d5 2. c4 e6 3. Nc3 c6 4. Nf3 Be7 5. Bf4 Nf6 6. e3 Nbd7 7. Rc1 0-0 8. Ne5 Nxe5 9. Bxe5 b6 10. cxd5 Nxd5 11. Bd3 Bb7 12. 0-0 Rc8 13. Qg4 Nf6 14. Qh4 h6 15. Qg3 Nh5 16. Qg4 Nf6 17. Qg3 Nh5 18. Qg4 Nf6 19. Qg3 Ne8 20. Qg4 Bf6 21. Qe4 g6 22. Rfd1 Bg7 23. Bxg7 Kxg7 24. Qe5+ Qf6 1/2-1/2

[Event "Olomouc Seniors op 19th"]
[Site "Olomouc"]
[Date "2016.08.18"]
[Round "7"]
[White "Hagara, Vladimir"]
[Black "Castellano, Alfonso"]
[Result "1-0"]
[WhiteElo "1849"]
[BlackElo "1949"]
[PlyCount "141"]
[EventDate "2016.08.13"]
[EventType "swiss"]
[EventRounds "9"]
[EventCountry "CZE"]
[SourceTitle "CBM 174 Extra"]
[Source "ChessBase"]
[SourceDate "2016.10.10"]
[SourceVersion "1"]
[SourceVersionDate "2016.10.10"]
[SourceQuality "1"]

1. d4 d5 2. c4 e6 3. Nc3 Nf6 4. Bg5 Be7 5. e3 h6 6. Bh4 0-0 7. Nf3 b6 8. cxd5 exd5 9. Rc1 Be6 10. Be2 c6 11. 0-0 Nbd7 12. a3 c5 13. dxc5 bxc5 14. Qc2 Rc8 15. Rfd1 Nb6 16. Ba6 Ra8 17. Bd3 Nfd7 18. Bg3 a6 19. Qe2 c4 20. Bb1 Bf6 21. Nd4 Bxd4 22. Rxd4 Qe7 23. Rcd1 Nf6 24. Qc2 g6 25. Qc1 Rfd8 26. Qd2 Rd7 27. e4 Kh7 28. Bf4 Nxe4 29. Nxe4 dxe4 30. Rxd7 Bxd7 31. Bxh6 Ba4 32. Re1 Rd8 33. Qc1 Bc6 34. Be3 Na4 35. Qxc4 Bb5 36. Qc2 Qe5 37. Qxe4 Qxe4 38. Bxe4 Nxb2 39. Ra1 Nc4 40. Bg5 Rd7 41. h3 Ne5 42. Rc1 Kg7 43. Be3 Ba4 44. Rc5 Nd3 45. Rd5 Rxd5 46. Bxd5 Bb5 47. Bd4+ Kf8 48. Bb3 Nf4 49. Bc5+ Ke8 50. f3 Bc6 51. Be3 Nd3 52. f4 f5 53. g3 Nb2 54. Bd4 Na4 55. Kf2 Ke7 56. Ke3 Be8 57. g4 Kd6 58. gxf5 gxf5 59. h4 Nc5 60. Be5+ Kc6 61. Bd1 Kd5 62. h5 Kc4 63. Bd6 Kd5 64. Be7 Ne4 65. h6 Bg6 66. Bb3+ Kc6 67. Kd4 Kd7 68. Bf8 Bh7 69. Ke5 Ke8 70. Bb4 Nf2 71. Kf6 1-0

[Event "SVK-chT4 A22 1516"]
[Site "Slovakia"]
[Date "2015.11.22"]
[Round "4.4"]
[White "Hagara, Vladimir"]
[Black "Holicky, Miroslav"]
[Result "1/2-1/2"]
[WhiteElo "1844"]
[BlackElo "1844"]
[PlyCount "27"]
[EventDate "2015.10.04"]
[EventType "team-tourn"]
[EventRounds "11"]
[EventCountry "SVK"]
[SourceTitle "EXT 2020"]
[Source "ChessBase"]
[SourceDate "2019.10.17"]
[SourceVersion "1"]
[SourceVersionDate "2019.10.17"]
[SourceQuality "1"]

1. d4 d5 2. Nf3 Nf6 3. g3 Bf5 4. Bg2 e6 5. c3 Be7 6. 0-0 Ne4 7. Nbd2 Nd7 8. Nxe4 Bxe4 9. Bf4 g5 10. Bd2 c6 11. a4 g4 12. Ne1 h5 13. f3 Bg6 14. a5 1/2-1/2

[Event "SVK-chT3A2 1516"]
[Site "Slovakia"]
[Date "2015.10.25"]
[Round "2.1"]
[White "Tupy, Emil"]
[Black "Hagara, Vladimir"]
[Result "0-1"]
[WhiteElo "1702"]
[BlackElo "1845"]
[PlyCount "182"]
[EventDate "2015.10.11"]
[EventType "team-tourn"]
[EventRounds "11"]
[EventCountry "SVK"]
[SourceTitle "EXT 2020"]
[Source "ChessBase"]
[SourceDate "2019.10.17"]
[SourceVersion "1"]
[SourceVersionDate "2019.10.17"]
[SourceQuality "1"]
[WhiteTeam "Hlohovec"]
[BlackTeam "Trnava Lokomotiva III"]
[WhiteTeamCountry "SVK"]
[BlackTeamCountry "SVK"]

1. Nf3 Nf6 2. d4 d5 3. Nc3 e6 4. g3 c5 5. e3 Nc6 6. Bg2 Be7 7. 0-0 a6 8. b3 0-0 9. Re1 Qc7 10. Bb2 cxd4 11. exd4 b5 12. Rc1 Bb7 13. a3 Rac8 14. Qe2 Rfe8 15. Bh3 h6 16. b4 Bf8 17. Qd2 Rcd8 18. Re2 Bc8 19. Rce1 Bd6 20. Bg2 Be7 21. Kh1 Nd7 22. Nd1 Nb6 23. Ne3 Nb8 24. Ne5 N8d7 25. f4 Nxe5 26. dxe5 Nc4 27. Qc1 Nxb2 28. Qxb2 Bb7 29. c3 Rc8 30. Rc2 Qb6 31. Nf1 Rc7 32. Rec1 Rec8 33. Nd2 Ba8 34. Nf3 Bc6 35. Nd4 Bb7 36. Nf3 Kf8 37. Nd4 Rc4 38. Nf3 Kg8 39. Nd4 Qc7 40. Bf1 Qb6 41. Bxc4 Rxc4 42. Rf1 g6 43. h3 Bc8 44. Kh2 Bd7 45. g4 Qc7 46. Qc1 Kh7 47. Qe3 Bc8 48. Qd3 Kg7 49. Qe3 Bd7 50. f5 exf5 51. gxf5 Bg5 52. f6+ Kf8 53. Qe2 Rxc3 54. Rxc3 Qxc3 55. Nf3 Bf4+ 56. Kg2 Bf5 57. Qf2 Be4 58. Qc5+ Qxc5 59. bxc5 Bxe5 60. Kf2 Bxf6 61. c6 Bd8 62. Rc1 Bc7 63. Nd4 Ke7 64. Nb3 Bb6+ 65. Ke2 Kd6 66. Nd2 Bf5 67. h4 Bg4+ 68. Kd3 Bf5+ 69. Ke2 Kc7 70. Nb3 Be6 71. Nc5 a5 72. Nd3 d4 73. Nf4 Bc4+ 74. Kf3 Kxc6 75. Nd3 Kd6 76. Nb2 Bd5+ 77. Ke2 Bc5 78. a4 bxa4 79. Nxa4 Bb4 80. Kd3 Ke5 81. Rc8 Be4+ 82. Kc4 d3 83. Nb2 d2 84. Re8+ Kf4 85. Rd8 Ke3 86. Re8 f5 87. Rd8 Ke2 88. Rd4 Bc2 89. Rd8 Be4 90. Rd4 Be7 91. Rd7 Bf6 0-1

[Event "SVK-chT3A2 1415"]
[Site "Slovakia"]
[Date "2014.12.14"]
[Round "5.5"]
[White "Huska, Branislav"]
[Black "Hagara, Vladimir"]
[Result "1-0"]
[WhiteElo "1689"]
[BlackElo "1906"]
[PlyCount "47"]
[EventDate "2014.10.19"]
[EventType "team-tourn"]
[EventRounds "11"]
[EventCountry "SVK"]
[SourceTitle "EXT 2019"]
[Source "ChessBase"]
[SourceDate "2018.10.10"]
[SourceVersion "1"]
[SourceVersionDate "2018.10.10"]
[SourceQuality "1"]

1. e4 c5 2. Nf3 d6 3. d4 cxd4 4. Nxd4 Nf6 5. Nc3 a6 6. Bg5 Nbd7 7. f4 Qc7 8. Qf3 b5 9. Nd5 Nxd5 10. exd5 Bb7 11. Bd3 Nc5 12. 0-0-0 Nxd3+ 13. Rxd3 g6 14. f5 Qc4 15. Nc6 Bxc6 16. dxc6 Rc8 17. Rxd6 f6 18. Bxf6 exf6 19. Re1+ Be7 20. Rd7 Rxc6 21. Rexe7+ Kf8 22. Rf7+ Kg8 23. Rg7+ Kf8 24. Rdf7+ 1-0

[Event "SVK-chT2A 1415"]
[Site "Slovakia"]
[Date "2014.12.06"]
[Round "5.8"]
[White "Hagara, Vladimir"]
[Black "Mackovic, Miroslav"]
[Result "0-1"]
[WhiteElo "1906"]
[BlackElo "1846"]
[PlyCount "92"]
[EventDate "2014.10.11"]
[EventType "team-tourn"]
[EventRounds "11"]
[EventCountry "SVK"]
[SourceTitle "EXT 2016"]
[Source "ChessBase"]
[SourceDate "2015.10.08"]
[SourceVersion "1"]
[SourceVersionDate "2015.10.08"]
[SourceQuality "1"]
[WhiteTeam "Trnava Lokomotiva II"]
[BlackTeam "Trnava Modranka"]
[WhiteTeamCountry "SVK"]
[BlackTeamCountry "SVK"]

1. c4 Nf6 2. Nc3 g6 3. g3 Bg7 4. Bg2 0-0 5. e3 Nc6 6. d4 d6 7. Nge2 a6 8. 0-0 Rb8 9. b3 Na5 10. Bd2 c5 11. Rc1 Bd7 12. d5 b5 13. cxb5 axb5 14. e4 b4 15. Nb1 Qb6 16. Be3 Ng4 17. Qd2 Nxe3 18. Qxe3 Qa6 19. Nd2 Bb5 20. Rfe1 Nb7 21. Bf1 Bxe2 22. Bxe2 Qxa2 23. Nf3 Qa5 24. e5 Qd8 25. Red1 Ra8 26. e6 f6 27. Ra1 Qb6 28. Ra4 Rxa4 29. bxa4 Ra8 30. Bb5 Na5 31. Nd2 Qd8 32. Nb3 Nxb3 33. Qxb3 f5 34. Kg2 Qf8 35. Qd3 Qf6 36. Rd2 Qc3 37. Qe2 Ra5 38. Rd3 Qb2 39. Rd2 Qe5 40. Qd3 Qe4+ 41. Qxe4 fxe4 42. Re2 b3 43. Rxe4 Rxb5 44. axb5 b2 45. Re1 c4 46. b6 Bd4 0-1

[Event "SVK-chT3A2 1415"]
[Site "Slovakia"]
[Date "2014.10.19"]
[Round "1.6"]
[White "Hagara, Vladimir"]
[Black "Kanka, Tomas"]
[Result "0-1"]
[WhiteElo "1906"]
[BlackElo "1723"]
[PlyCount "86"]
[EventDate "2014.10.19"]
[EventType "team-tourn"]
[EventRounds "11"]
[EventCountry "SVK"]
[SourceTitle "EXT 2019"]
[Source "ChessBase"]
[SourceDate "2018.10.10"]
[SourceVersion "1"]
[SourceVersionDate "2018.10.10"]
[SourceQuality "1"]

1. c4 e5 2. Nc3 Nf6 3. g3 g6 4. Bg2 Bg7 5. e4 0-0 6. Nge2 d6 7. 0-0 Be6 8. b3 Nbd7 9. d4 exd4 10. Nxd4 Nc5 11. Nxe6 fxe6 12. Bb2 Nfxe4 13. Qc2 Nxc3 14. Bxc3 Rb8 15. Rad1 Bxc3 16. Qxc3 Qf6 17. Qe3 a6 18. Rd2 Rf7 19. b4 Nd7 20. c5 d5 21. Re1 Nf8 22. Bh3 Re8 23. c6 bxc6 24. Rc1 e5 25. Rc5 Nd7 26. Ra5 Nb6 27. Bf1 d4 28. Qb3 e4 29. Bxa6 e3 30. fxe3 Rxe3 31. Qd1 Kg7 32. Rc5 Nd5 33. Bc4 Nc3 34. Qc1 Rfe7 35. Qb2 Re1+ 36. Kg2 Ne4 37. Bd3 Nxc5 38. bxc5 Qe5 39. Qc2 Qd5+ 40. Kh3 R7e5 41. Rf2 Rh5+ 42. Kg4 Re3 43. h4 Qe6+ 0-1

[Event "SVK-chT4 A22 1314"]
[Site "Slovakia"]
[Date "2014.01.12"]
[Round "6.3"]
[White "Lukacovic, Miroslav"]
[Black "Hagara, Vladimir"]
[Result "1/2-1/2"]
[WhiteElo "2003"]
[BlackElo "1873"]
[PlyCount "87"]
[EventDate "2013.10.06"]
[EventType "team-tourn"]
[EventRounds "11"]
[EventCountry "SVK"]
[SourceTitle "EXT 2015"]
[Source "ChessBase"]
[SourceDate "2014.11.20"]
[SourceVersion "1"]
[SourceVersionDate "2014.11.20"]
[SourceQuality "1"]
[WhiteTeam "Sered MSK"]
[BlackTeam "Trnava Lokomotiva IV"]
[WhiteTeamCountry "SVK"]
[BlackTeamCountry "SVK"]

1. d4 Nf6 2. c4 g6 3. Nc3 d5 4. cxd5 Nxd5 5. e4 Nxc3 6. bxc3 c5 7. Be3 Bg7 8. Bc4 Nc6 9. Ne2 cxd4 10. cxd4 e6 11. 0-0 0-0 12. Qd2 b6 13. Rac1 Bb7 14. Rfd1 Rc8 15. f3 Na5 16. Bd3 Qd7 17. Kf1 Rxc1 18. Rxc1 Rc8 19. Rxc8+ Qxc8 20. Qc3 Qc6 21. Qxc6 Nxc6 22. Ke1 Kf8 23. Kd2 Ke7 24. g4 Nb4 25. Bb1 Kd7 26. a3 Nc6 27. Kc3 Bf8 28. Bc1 Ba6 29. Bd3 Bxd3 30. Kxd3 a6 31. f4 Bd6 32. Nc3 Ne7 33. d5 exd5 34. exd5 f5 35. h3 Bc5 36. Kc4 Nc8 37. a4 Nd6+ 38. Kd3 b5 39. axb5 Nxb5 40. Kc4 Kd6 41. Na4 Na3+ 42. Kb3 Nb5 43. Kc4 Na3+ 44. Kb3 1/2-1/2

[Event "SVK-chT3A2 1314"]
[Site "Slovakia"]
[Date "2013.12.15"]
[Round "5.3"]
[White "Mackovic, Miroslav"]
[Black "Hagara, Vladimir"]
[Result "1/2-1/2"]
[WhiteElo "1936"]
[BlackElo "1873"]
[PlyCount "129"]
[EventDate "2013.10.13"]
[EventType "team-tourn"]
[EventRounds "11"]
[EventCountry "SVK"]
[SourceTitle "EXT 2015"]
[Source "ChessBase"]
[SourceDate "2014.11.20"]
[SourceVersion "1"]
[SourceVersionDate "2014.11.20"]
[SourceQuality "1"]
[WhiteTeam "Trnava Modranka"]
[BlackTeam "Trnava Lokomotiva III"]
[WhiteTeamCountry "SVK"]
[BlackTeamCountry "SVK"]

1. e4 c5 2. Nf3 d6 3. d4 cxd4 4. Nxd4 Nf6 5. Nc3 a6 6. Be2 e5 7. Nb3 Be6 8. Bg5 Nbd7 9. 0-0 Be7 10. Qd2 Qc7 11. Rfd1 Rd8 12. Bxf6 Nxf6 13. Bf3 0-0 14. Qe1 Nd7 15. Nd2 Nf6 16. Nf1 Rfe8 17. Ne3 g6 18. g4 g5 19. Qe2 Kg7 20. Ned5 Bxd5 21. Nxd5 Nxd5 22. Rxd5 Rc8 23. c3 Qc4 24. Qe3 f6 25. Be2 Qc7 26. c4 a5 27. b3 b6 28. Kg2 Rb8 29. Rh1 Rh8 30. h4 h6 31. Rh3 Qc8 32. Qg3 Qe6 33. Rd1 Rbg8 34. c5 Rf8 35. c6 Qc8 36. Bb5 Qe6 37. Bc4 Qc8 38. Bd5 Bd8 39. h5 Bc7 40. Qf3 Re8 41. Kg3 Rhf8 42. Rhh1 Re7 43. Rb1 Kh8 44. Qd3 Kg7 45. a3 Rd8 46. Rb2 Bb8 47. Qb5 Qc7 48. Rhb1 Qa7 49. Qe2 Qc7 50. Ra2 Ba7 51. b4 axb4 52. Rxb4 Qc8 53. Rab2 Rc7 54. R2b3 Re8 55. a4 Ree7 56. f3 Kh7 57. Rc3 Kg7 58. Kg2 Kh7 59. Kf1 Kg7 60. Ke1 Kh7 61. Kd1 Kg7 62. Kc2 Kf8 63. Kb3 Kg7 64. Ka2 Kh7 65. Qc2 1/2-1/2

[Event "SVK-chT3A2 1314"]
[Site "Slovakia"]
[Date "2013.12.01"]
[Round "4.4"]
[White "Hagara, Vladimir"]
[Black "Zajicek, Ferdinand"]
[Result "1-0"]
[WhiteElo "1873"]
[BlackElo "1823"]
[PlyCount "111"]
[EventDate "2013.10.13"]
[EventType "team-tourn"]
[EventRounds "11"]
[EventCountry "SVK"]
[SourceTitle "EXT 2015"]
[Source "ChessBase"]
[SourceDate "2014.11.20"]
[SourceVersion "1"]
[SourceVersionDate "2014.11.20"]
[SourceQuality "1"]
[WhiteTeam "Trnava Lokomotiva III"]
[BlackTeam "Gbely Nafta"]
[WhiteTeamCountry "SVK"]
[BlackTeamCountry "SVK"]

1. c4 c5 2. Nc3 Nf6 3. g3 Nc6 4. Bg2 g6 5. e3 Bg7 6. Nge2 0-0 7. 0-0 d6 8. d4 cxd4 9. exd4 Qc7 10. b3 Rb8 11. Bb2 a6 12. d5 Ne5 13. Nd4 Qc5 14. Qd2 Ned7 15. Na4 Qc7 16. Rac1 Nb6 17. Nxb6 Qxb6 18. Rfe1 Re8 19. h3 Bd7 20. Re2 Rbc8 21. Rce1 Kf8 22. Kh1 Qd8 23. Bc3 b6 24. Bb4 a5 25. Ba3 Ng8 26. Kh2 Nf6 27. Bb2 Rc7 28. a4 Rc8 29. Ba3 Rc7 30. Nc6 Bxc6 31. dxc6 Rc8 32. f4 Ng8 33. Bf3 h5 34. Qd3 Qc7 35. Kg1 Rcd8 36. Rd1 Nf6 37. Red2 Kg8 38. Qe3 Bf8 39. Bb2 Bg7 40. Bd4 Rb8 41. Qf2 Kf8 42. Rd3 Kg8 43. Be3 Kf8 44. Bg2 Red8 45. f5 Kg8 46. fxg6 fxg6 47. Bg5 Rf8 48. Qe2 Rbe8 49. Qe6+ Kh8 50. Re1 Qc8 51. Qxc8 Rxc8 52. Rxe7 Ne8 53. Rb7 Rf5 54. h4 Kg8 55. Bd5+ Kf8 56. Be7# 1-0

[Event "SVK-chT4 A22 1314"]
[Site "Slovakia"]
[Date "2013.11.17"]
[Round "4.4"]
[White "Babirat, Michal"]
[Black "Hagara, Vladimir"]
[Result "1/2-1/2"]
[WhiteElo "1780"]
[BlackElo "1873"]
[PlyCount "67"]
[EventDate "2013.10.06"]
[EventType "team-tourn"]
[EventRounds "11"]
[EventCountry "SVK"]
[SourceTitle "EXT 2015"]
[Source "ChessBase"]
[SourceDate "2014.11.20"]
[SourceVersion "1"]
[SourceVersionDate "2014.11.20"]
[SourceQuality "1"]
[WhiteTeam "Trnava Lokomotiva V"]
[BlackTeam "Trnava Lokomotiva IV"]
[WhiteTeamCountry "SVK"]
[BlackTeamCountry "SVK"]

1. c4 Nf6 2. Nc3 e5 3. g3 c6 4. Bg2 Be7 5. e3 0-0 6. d4 d6 7. Nge2 Nbd7 8. 0-0 exd4 9. exd4 Nb6 10. b3 Bf5 11. Bb2 d5 12. c5 Nbd7 13. Nf4 Re8 14. Re1 Nf8 15. b4 a6 16. a4 Qd7 17. Qd2 Ne6 18. Nxe6 Bxe6 19. Re2 Bh3 20. Bxh3 Qxh3 21. Rae1 Qd7 22. Qd3 Bf8 23. Bc1 Rxe2 24. Rxe2 Re8 25. b5 axb5 26. axb5 Rxe2 27. Qxe2 g6 28. Bg5 Ne8 29. b6 f6 30. Bf4 Kf7 31. Kg2 Qe6 32. h3 Ng7 33. Bh6 Qxe2 34. Nxe2 1/2-1/2

[Event "SVK-chT3A2 1213"]
[Site "Slovakia"]
[Date "2012.10.21"]
[Round "2.4"]
[White "Hagara, Vladimir"]
[Black "Mosny, Jaroslav"]
[Result "1/2-1/2"]
[WhiteElo "1909"]
[BlackElo "1923"]
[PlyCount "34"]
[EventDate "2012.10.07"]
[EventType "team-tourn"]
[EventRounds "11"]
[EventCountry "SVK"]
[SourceTitle "EXT 2015"]
[Source "ChessBase"]
[SourceDate "2014.11.20"]
[SourceVersion "1"]
[SourceVersionDate "2014.11.20"]
[SourceQuality "1"]
[WhiteTeam "Trnava Lokomotiva Solartec IV"]
[BlackTeam "Trnava Lokomotiva Solartec III"]
[WhiteTeamCountry "SVK"]
[BlackTeamCountry "SVK"]

1. d4 Nf6 2. c4 e5 3. dxe5 Ne4 4. a3 Nc6 5. Nf3 d6 6. e3 Bg4 7. Nbd2 Nxd2 8. Bxd2 dxe5 9. Be2 Be7 10. Bc3 Bf6 11. 0-0 0-0 12. Qxd8 Rfxd8 13. Rfd1 Kf8 14. Kf1 Ke7 15. Ke1 Bf5 16. Rxd8 Rxd8 17. Rd1 Rxd1+ 1/2-1/2

[Event "SVK-chT2A 1112"]
[Site "Slovakia"]
[Date "2011.10.08"]
[Round "1.8"]
[White "Henc, Marian"]
[Black "Hagara, Vladimir"]
[Result "1-0"]
[WhiteElo "1885"]
[BlackElo "1927"]
[PlyCount "101"]
[EventDate "2011.10.08"]
[EventType "team-tourn"]
[EventRounds "11"]
[EventCountry "SVK"]
[SourceTitle "EXT 2013"]
[Source "ChessBase"]
[SourceDate "2012.11.22"]
[SourceVersion "1"]
[SourceVersionDate "2012.11.22"]
[SourceQuality "1"]
[WhiteTeam "Bratislava Doprastav III"]
[BlackTeam "Trnava Lokomotiva II"]
[WhiteTeamCountry "SVK"]
[BlackTeamCountry "SVK"]

1. c4 Nf6 2. Nf3 g6 3. g3 Bg7 4. Bg2 c5 5. d3 Nc6 6. Na3 d6 7. 0-0 0-0 8. Nc2 Rb8 9. a3 a5 10. Rb1 b5 11. cxb5 Rxb5 12. Ne3 Bd7 13. Nd2 Nd4 14. Ndc4 a4 15. Bd2 Nb3 16. Bc3 Qc7 17. Bxf6 exf6 18. Nd5 Qb8 19. Nc3 Rb7 20. Bxb7 Qxb7 21. Nxd6 Qc6 22. Nde4 Bh3 23. f3 f5 24. Nd2 Bd4+ 25. Rf2 Rb8 26. Nxb3 Rxb3 27. Qc1 Bxf2+ 28. Kxf2 Qd7 29. Qf4 h5 30. Nxa4 Qa7 31. Qc4 Qb8 32. Rc1 f4 33. Qxf4 Qe8 34. Rc2 c4 35. Qxc4 Be6 36. Qe4 Qb8 37. Qd4 Rb5 38. Nc5 Bh3 39. Ne4 Kh7 40. Nd6 Rb6 41. Nxf7 Kg8 42. Ng5 Be6 43. Nxe6 Rxe6 44. Qd5 Qb6+ 45. d4 Kf7 46. b4 Kf6 47. h4 Rd6 48. Qc5 Qd8 49. Qe5+ Kf7 50. e3 Rd7 51. Rc6 1-0

[Event "Tatry op"]
[Site "Tatranske Zruby"]
[Date "2011.09.27"]
[Round "3"]
[White "Hagara, Vladimir"]
[Black "Mandak, Miroslav"]
[Result "1/2-1/2"]
[WhiteElo "1927"]
[BlackElo "2003"]
[PlyCount "51"]
[EventDate "2011.09.25"]
[EventType "swiss"]
[EventRounds "9"]
[EventCountry "SVK"]
[SourceTitle "CBM 144 Extra"]
[Source "ChessBase"]
[SourceDate "2011.10.28"]
[SourceVersion "1"]
[SourceVersionDate "2011.10.28"]
[SourceQuality "1"]

1. c4 Nf6 2. Nc3 g6 3. g3 Bg7 4. Bg2 d6 5. e4 c5 6. Nge2 Nc6 7. 0-0 0-0 8. d3 Bd7 9. Nd5 e6 10. Nxf6+ Qxf6 11. Rb1 Qe7 12. Be3 Nd4 13. Qd2 Nxe2+ 14. Qxe2 Bc6 15. f4 f5 16. Qf2 b6 17. Rbe1 Qb7 18. Qc2 Rae8 19. b3 Rf7 20. exf5 exf5 21. Bxc6 Qxc6 22. Qg2 Qxg2+ 23. Kxg2 Rfe7 24. Bf2 Kf7 25. Rxe7+ Rxe7 26. Re1 1/2-1/2

[Event "Tatry op"]
[Site "Tatranske Zruby"]
[Date "2011.09.27"]
[Round "4"]
[White "Matejov, Jaroslav"]
[Black "Hagara, Vladimir"]
[Result "1-0"]
[WhiteElo "2175"]
[BlackElo "1927"]
[PlyCount "39"]
[EventDate "2011.09.25"]
[EventType "swiss"]
[EventRounds "9"]
[EventCountry "SVK"]
[SourceTitle "CBM 144 Extra"]
[Source "ChessBase"]
[SourceDate "2011.10.28"]
[SourceVersion "1"]
[SourceVersionDate "2011.10.28"]
[SourceQuality "1"]

1. e4 c5 2. Nf3 d6 3. d4 cxd4 4. Nxd4 Nf6 5. Nc3 a6 6. Bg5 e6 7. f4 Be7 8. Qf3 Qc7 9. 0-0-0 0-0 10. Bd3 Nbd7 11. Rhe1 Re8 12. Kb1 Nc5 13. e5 Nxd3 14. Rxd3 dxe5 15. fxe5 Nd7 16. Bxe7 Rxe7 17. Qh5 Nf8 18. Ne4 Kh8 19. Rf3 Ng6 20. Ng5 1-0

[Event "Tatry op"]
[Site "Tatranske Zruby"]
[Date "2011.09.25"]
[Round "1"]
[White "Hagara, Vladimir"]
[Black "Kebis, Milos"]
[Result "1/2-1/2"]
[WhiteElo "1927"]
[BlackElo "2008"]
[PlyCount "101"]
[EventDate "2011.09.25"]
[EventType "swiss"]
[EventRounds "9"]
[EventCountry "SVK"]
[SourceTitle "CBM 144 Extra"]
[Source "ChessBase"]
[SourceDate "2011.10.28"]
[SourceVersion "1"]
[SourceVersionDate "2011.10.28"]
[SourceQuality "1"]

1. c4 c5 2. Nc3 Nc6 3. g3 Nf6 4. Bg2 e6 5. Nf3 Be7 6. 0-0 Qb6 7. e3 0-0 8. d3 h6 9. Na4 Qc7 10. Nc3 d5 11. Qe2 Rd8 12. Rd1 a6 13. Bd2 b6 14. Rac1 Bb7 15. cxd5 exd5 16. d4 Re8 17. dxc5 bxc5 18. Qd3 Rad8 19. Qb1 Qb8 20. Nh4 Bf8 21. Nf3 Ne4 22. Be1 Ne5 23. Nxe5 Qxe5 24. Nxe4 dxe4 25. Bc3 Qe6 26. b3 Bc6 27. Rxd8 Rxd8 28. Qc2 Rd3 29. Bf1 Qd7 30. Be1 Bb7 31. Be2 Qf5 32. Rd1 Qd5 33. Rc1 h5 34. Qc4 Qf5 35. Rd1 h4 36. Rxd3 exd3 37. Qxd3 Qf6 38. Bc3 Qc6 39. f3 hxg3 40. hxg3 Qh6 41. Kg2 Qh5 42. e4 Bc8 43. f4 Qh3+ 44. Kg1 Bb7 45. Bf1 Qe6 46. Bg2 Qg6 47. Qe3 Qc6 48. Qd3 Qe6 49. Bf3 Qh3 50. Bg2 Qe6 51. Bf3 1/2-1/2

[Event "SVK-ch Seniors-A"]
[Site "Tatranske Matliare"]
[Date "2011.05.??"]
[Round "2"]
[White "Hagara, Vladimir"]
[Black "Kovacic, Stefan"]
[Result "1/2-1/2"]
[WhiteElo "1935"]
[BlackElo "1790"]
[PlyCount "74"]
[EventDate "2011.05.27"]
[EventType "swiss"]
[EventRounds "9"]
[EventCountry "SVK"]
[SourceTitle "EXT 2023"]
[Source "ChessBase"]
[SourceDate "2022.10.05"]
[SourceVersion "1"]
[SourceVersionDate "2022.10.05"]
[SourceQuality "1"]

1. d4 d5 2. c4 e6 3. Nc3 Nf6 4. Nf3 Nbd7 5. Bg5 Be7 6. e3 h6 7. Bh4 0-0 8. Rc1 b6 9. cxd5 exd5 10. Bd3 Bb7 11. 0-0 Re8 12. Qe2 Ne4 13. Bxe7 Rxe7 14. Rfd1 Ndf6 15. Nd2 Rc8 16. Ncxe4 Nxe4 17. Nxe4 dxe4 18. Bc4 Bd5 19. Ba6 Rb8 20. b4 Qd6 21. Bc4 c6 22. Qd2 Rc7 23. Be2 Rd8 24. Qb2 Rdc8 25. g3 b5 26. Rc5 Ra8 27. Rdc1 a6 28. a4 Qe6 29. a5 f5 30. Qd2 Rf7 31. R5c3 Kh7 32. Bf1 g5 33. Bh3 Qf6 34. Rc5 Rg8 35. Bg2 Qd6 36. Re1 f4 37. exf4 gxf4 1/2-1/2

[Event "SVK-ch Seniors-A"]
[Site "Tatranske Matliare"]
[Date "2011.05.??"]
[Round "1"]
[White "Just, Jozef"]
[Black "Hagara, Vladimir"]
[Result "1/2-1/2"]
[WhiteElo "1756"]
[BlackElo "1935"]
[PlyCount "27"]
[EventDate "2011.05.27"]
[EventType "swiss"]
[EventRounds "9"]
[EventCountry "SVK"]
[SourceTitle "EXT 2023"]
[Source "ChessBase"]
[SourceDate "2022.10.05"]
[SourceVersion "1"]
[SourceVersionDate "2022.10.05"]
[SourceQuality "1"]

1. e4 c5 2. Nf3 d6 3. d4 cxd4 4. Nxd4 Nf6 5. Nc3 a6 6. Bg5 Nbd7 7. Qd2 Qc7 8. Be2 b5 9. f4 Bb7 10. Bf3 Rc8 11. 0-0-0 e6 12. Rhe1 Be7 13. Bxf6 Bxf6 14. Ncxb5 1/2-1/2

[Event "SVK-ch Seniors-A"]
[Site "Tatranske Matliare"]
[Date "2011.05.??"]
[Round "3"]
[White "Krisko, Milan"]
[Black "Hagara, Vladimir"]
[Result "1/2-1/2"]
[WhiteElo "1832"]
[BlackElo "1935"]
[PlyCount "43"]
[EventDate "2011.05.27"]
[EventType "swiss"]
[EventRounds "9"]
[EventCountry "SVK"]
[SourceTitle "EXT 2023"]
[Source "ChessBase"]
[SourceDate "2022.10.05"]
[SourceVersion "1"]
[SourceVersionDate "2022.10.05"]
[SourceQuality "1"]

1. e4 c5 2. Nf3 d6 3. d4 cxd4 4. Nxd4 Nf6 5. Nc3 a6 6. Be2 e5 7. Nb3 Be6 8. Be3 Qc7 9. 0-0 Be7 10. Rc1 Nbd7 11. f3 0-0 12. Qd2 Nb6 13. Rfd1 Rfd8 14. Qe1 d5 15. exd5 Nbxd5 16. Nxd5 Nxd5 17. Bd2 Bd6 18. c4 Nf4 19. Bf1 Bc5+ 20. Nxc5 Qxc5+ 21. Be3 Qc7 22. b3 1/2-1/2